<?xml version="1.0" encoding="UTF-8"?><?xml-stylesheet type="text/xsl" href="static/style.xsl"?><OAI-PMH xmlns="http://www.openarchives.org/OAI/2.0/" xmlns:xsi="http://www.w3.org/2001/XMLSchema-instance" xsi:schemaLocation="http://www.openarchives.org/OAI/2.0/ http://www.openarchives.org/OAI/2.0/OAI-PMH.xsd"><responseDate>2026-05-14T10:08:26Z</responseDate><request verb="GetRecord" identifier="oai:riubu.ubu.es:10259/11179" metadataPrefix="marc">https://riubu.ubu.es/oai/request</request><GetRecord><record><header><identifier>oai:riubu.ubu.es:10259/11179</identifier><datestamp>2026-01-08T01:05:44Z</datestamp><setSpec>com_10259.4_2539</setSpec><setSpec>com_10259_5086</setSpec><setSpec>com_10259_2604</setSpec><setSpec>col_10259.4_2540</setSpec></header><metadata><record xmlns="http://www.loc.gov/MARC21/slim" xmlns:doc="http://www.lyncode.com/xoai" xmlns:xsi="http://www.w3.org/2001/XMLSchema-instance" xmlns:dcterms="http://purl.org/dc/terms/" xsi:schemaLocation="http://www.loc.gov/MARC21/slim http://www.loc.gov/standards/marcxml/schema/MARC21slim.xsd">
<leader>00925njm 22002777a 4500</leader>
<datafield tag="042" ind1=" " ind2=" ">
<subfield code="a">dc</subfield>
</datafield>
<datafield tag="720" ind1=" " ind2=" ">
<subfield code="a">Álvarez Alonso, David</subfield>
<subfield code="e">author</subfield>
</datafield>
<datafield tag="720" ind1=" " ind2=" ">
<subfield code="a">Díez Fernández-Lomana, Juan Carlos</subfield>
<subfield code="e">author</subfield>
</datafield>
<datafield tag="720" ind1=" " ind2=" ">
<subfield code="a">García Díez, Marcos</subfield>
<subfield code="e">author</subfield>
</datafield>
<datafield tag="720" ind1=" " ind2=" ">
<subfield code="a">Jordá Pardo, Jesús F.</subfield>
<subfield code="e">author</subfield>
</datafield>
<datafield tag="720" ind1=" " ind2=" ">
<subfield code="a">Rivas Santiago, Rosa</subfield>
<subfield code="e">author</subfield>
</datafield>
<datafield tag="260" ind1=" " ind2=" ">
<subfield code="c">2024-02</subfield>
</datafield>
<datafield tag="520" ind1=" " ind2=" ">
<subfield code="a">The stratigraphy and materials from a survey carried out in 1994 and 1995 in a rock-shelter in Tamajón (southwestern Iberian Central Range) are studied here. The Pleistocene deposits were generated by high-energy channelled fluvial flows and dense currents of debris flow and mud flow type. The recovered lithic industry, created mainly in low-quality local materials, can be associated with Gravettian technocomplexes. Three radiocarbon dates obtained from the stratigraphic sequence are located in a temperate interstadial of OIS 3a and in a cold episode at the beginning of OIS 2. The faunal remains, which come from human consumption, display cut and percussion marks. They reveal a predominance of equines, followed by deer, in a mosaic environment. A shale plaque-pendant, worked and decorated, was found outside the stratigraphy. The human occupations of the shelter must have been sporadic, but reflect, with the growing evidence nearby, a thriving population in this area of anatomically modern humans. The association of pre-Solutrean archaeological materials, together with the dates obtained, establishes the human occupation of the Los Enebrales shelter as the oldest evidence of the Upper Palaeolithic in the inner Iberian Plateau.</subfield>
</datafield>
<datafield tag="024" ind2=" " ind1="8">
<subfield code="a">2352-409X</subfield>
</datafield>
<datafield tag="024" ind2=" " ind1="8">
<subfield code="a">https://hdl.handle.net/10259/11179</subfield>
</datafield>
<datafield tag="024" ind2=" " ind1="8">
<subfield code="a">10.1016/j.jasrep.2023.104340</subfield>
</datafield>
<datafield ind1=" " ind2=" " tag="653">
<subfield code="a">Geoarchaeology</subfield>
</datafield>
<datafield ind1=" " ind2=" " tag="653">
<subfield code="a">Chronostratigraphy</subfield>
</datafield>
<datafield ind1=" " ind2=" " tag="653">
<subfield code="a">Zooarchaeology</subfield>
</datafield>
<datafield ind1=" " ind2=" " tag="653">
<subfield code="a">Lithic industry</subfield>
</datafield>
<datafield ind1=" " ind2=" " tag="653">
<subfield code="a">Portable art</subfield>
</datafield>
<datafield ind1=" " ind2=" " tag="653">
<subfield code="a">Southern Iberian plateau</subfield>
</datafield>
<datafield ind1=" " ind2=" " tag="653">
<subfield code="a">Gravettian</subfield>
</datafield>
<datafield tag="245" ind1="0" ind2="0">
<subfield code="a">Los Enebrales rock-shelter (Tamajón, Guadalajara, Spain): First Gravettian site in central Iberia</subfield>
</datafield>
</record></metadata></record></GetRecord></OAI-PMH>